[Event "Legnica Voivoda Cup 36th"]
[Site "Legnica"]
[Date "2022.06.04"]
[Round "5"]
[White "Nowak, Lukasz1111"]
[Black "Dobrowolski, Piotr"]
[Result "0-1"]
[WhiteElo "2319"]
[BlackElo "2405"]
[PlyCount "68"]
[EventDate "2022.06.01"]
[EventType "tourn"]
[EventRounds "9"]
[EventCountry "POL"]
[EventCategory "7"]
[SourceTitle "CBM 208 Extra"]
[Source "ChessBase"]
[SourceDate "2022.07.31"]
[SourceVersion "1"]
[SourceVersionDate "2022.07.31"]
[SourceQuality "1"]

1. e4 c5 2. Nf3 e6 3. d4 cxd4 4. Nxd4 Nf6 5. Nc3 Nc6 6. Nxc6 bxc6 7. e5 Nd5 8. Ne4 Qc7 9. f4 Rb8 10. c4 Bb4+ 11. Ke2 0-0 12. a3 Be7 13. cxd5 exd5 14. Nd6 f6 15. Nxc8 Qxc8 16. exf6 Bxf6 17. Qc2 d6 18. h3 Re8+ 19. Kd1 Re4 20. Rb1 Rd4+ 21. Bd2 c5 22. Bd3 Qe8 23. Bxh7+ Kh8 24. Bg6 Qe3 25. Rf1 Qg3 26. b3 Qxg2 27. Bd3 Re8 28. Kc1 Qxh3 29. Bb5 Re3 30. Rd1 Rxd2 31. Rxd2 Rc3 32. Bd3 Qe3 33. f5 Qe1+ 34. Kb2 Rxd3+ 0-1

[Event "Legnica Voivoda Cup 36th"]
[Site "Legnica"]
[Date "2022.06.03"]
[Round "4"]
[White "Dobrowolski, Piotr"]
[Black "Nasuta, Grzegorz"]
[Result "1/2-1/2"]
[WhiteElo "2405"]
[BlackElo "2512"]
[PlyCount "60"]
[EventDate "2022.06.01"]
[EventType "tourn"]
[EventRounds "9"]
[EventCountry "POL"]
[EventCategory "7"]
[SourceTitle "CBM 208 Extra"]
[Source "ChessBase"]
[SourceDate "2022.07.31"]
[SourceVersion "1"]
[SourceVersionDate "2022.07.31"]
[SourceQuality "1"]

1. e4 c5 2. c3 Nf6 3. e5 Nd5 4. Nf3 d6 5. Bc4 Nb6 6. Bb3 Nc6 7. exd6 Qxd6 8. 0-0 Be6 9. Bxe6 Qxe6 10. a4 Qd7 11. a5 Nd5 12. d4 cxd4 13. Nxd4 a6 14. Qa4 Nxd4 15. Qxd4 e6 16. Nd2 Nf6 17. Qxd7+ Nxd7 18. Ne4 Nc5 19. Nxc5 Bxc5 20. Rd1 Ke7 21. Bf4 Rhd8 22. Kf1 Rxd1+ 23. Rxd1 Rd8 24. Rxd8 Kxd8 25. b4 Be7 26. Ke2 Kd7 27. Kd3 Kc6 28. Kc4 g6 29. h3 h5 30. f3 Bf6 1/2-1/2